000 00667nam a2200133Ia 4500
008 220615s9999||||xx |||||||||||||| ||und||
020 _a9782890000000
245 0 _aPublic Health Nutrition: Assessing Evidence to Determine Policy and Practice
546 _aEnglish[eng]
650 _aFood Safety||Food security||environmental factors||Human nutrition and health||Education tools||Children||Weight loss intervention||Workplace health promotion
700 _aLafranconi, Alessandra||Ray, Sumantra||Grosso, Giuseppe
856 _uhttps://www.frontiersin.org/research-topics/5722/public-health-nutrition-assessing-evidence-to-determine-policy-and-practice
942 _cEB
999 _c11050
_d11050